1Malaysia menjana negara sejahtera dan bahgaian menjelang 2020

Bibliographic Details
Main Author: Shahlan Ismail
Format: Book
Published: Kuala Lumpur : Ilham Baru Publications , 2011
Subjects:

MARC

LEADER 00000cam a2200000 7i4500
001 0000003934
005 20111201.0
020 0 0 |a 9789675642241 
090 0 0 |a 361.61   |b MAS 2011 
100 1 0 |a Shahlan Ismail 
245 1 0 |a 1Malaysia menjana negara sejahtera dan bahgaian menjelang 2020   |c Shahlan Ismail 
260 0 0 |a Kuala Lumpur :   |b Ilham Baru Publications ,   |c 2011 
300 |a 197 p. ;   |c 21 cm. 
500 0 0 |a Includes references 
650 0 0 |a Nation building 
650 0 0 |a Pembangunan ihsan 
650 0 0 |a Values 
998 |a JPSM 
999 |a 007696   |b Monograph   |c Open Shelf   |e Default branch